| 000 | 00893nas a2200265 454500 | ||
|---|---|---|---|
| 001 | 1643 | ||
| 005 | 20260407193503.0 | ||
| 008 | 260407s1993####ag###########|||spa#d | ||
| 003 | AR-UNSa-BCEJYS | ||
| 040 |
_aAR-UNSa-BCEJYS _bspa _cAR-UNSa-BCEJYS |
||
| 080 |
_a65 _xGestión y organización de la industria, el comercio y las comunicaciones |
||
| 245 | 1 | 0 | _aApertura |
| 264 | 1 |
_aBuenos Aires : _bMind Opener _c1993 |
|
| 310 | _aMensual Colección incompleta Cambia de Director a partir del Nº 278 por Pablo Ortega | ||
| 041 | _aspa | ||
| 942 | _cSER | ||
| 590 | _aniveau_biblio:s niveau_hierar:1 | ||
| 100 | 1 | _aLongobardi, Marcelo | |
| 700 | 1 | _aGriffa, Mario Gabriel | |
| 650 | _aEMPRESAS | ||
| 650 | _aMarketing | ||
| 650 | _aFinanzas | ||
| 650 | _aADMINISTRACION DE EMPRESAS | ||
| 856 | 4 | 1 |
_uhttps://biblioeco.unsa.edu.ar/pmb/images/revistas/Apertura.jpg _yImagen de portada _qimage/jpeg |
| 999 |
_c8383 _d8383 |
||